Report of the panel of eminent experts on ethics in food and agriculture, second session 18 - 20 March 2002
Na minha lista:
| Formato: | Livro |
|---|---|
| Idioma: | Undetermined |
| Publicado em: |
Rome, Italy
FAO
2002
|
| Assuntos: | |
| Tags: |
Adicionar Tag
Sem tags, seja o primeiro a adicionar uma tag!
|
| Thư viện lưu trữ: | Trung tâm Học liệu Trường Đại học Cần Thơ |
|---|
| LEADER | 00461nam a2200145Ia 4500 | ||
|---|---|---|---|
| 001 | CTU_55909 | ||
| 008 | 210402s9999 xx 000 0 und d | ||
| 082 | |a 338.1 | ||
| 082 | |b R425 | ||
| 245 | 0 | |a Report of the panel of eminent experts on ethics in food and agriculture, second session 18 - 20 March 2002 | |
| 260 | |a Rome, Italy | ||
| 260 | |b FAO | ||
| 260 | |c 2002 | ||
| 650 | |a food supply,farm produce | ||
| 980 | |a Trung tâm Học liệu Trường Đại học Cần Thơ | ||